| 000 | 00540nam a2200205Ia 4500 | ||
|---|---|---|---|
| 008 | 170918s9999 xx 000 0 und d | ||
| 020 | _a9780439577816 | ||
| 050 | _bR989 2002 | ||
| 100 | _aRyan, Pam Muñoz | ||
| 245 | _aWhen Marian sang / | ||
| 245 | _clibretto by Pam Muñoz Ryan ; staging by Brian Selznick. | ||
| 260 | _aNew York : | ||
| 260 | _bScholastic, | ||
| 260 | _c2002 | ||
| 300 | _aunpaged : | ||
| 300 | _bcolored illustration ; | ||
| 300 | _c22cm. | ||
| 440 | _aSeasons of twp thousand and two. | ||
| 500 | _a780 | ||
| 999 |
_c343049 _d343049 |
||